000 nam a22 7a 4500
999 _c127647
_d127647
008 180315b xxu||||| |||| 00| 0 eng d
050 _aBR377.5.S9 M36
100 _aManning, Roger B.
_940636
245 _aReligion and society in Elizabethan Sussex:
_ba study of the enforcement of the religious settlement
_c/ by Roger B. Manning
260 _aBritain:
_bLeicester Universty Press,
_c1969
300 _axvii, 310p.;
_c23cm.
650 _aReformation
_zEngland
_zsussex
_940637
942 _2lcc
_cMONOGRAPH